| 000 | 01083nam a22002891i 4500 | ||
|---|---|---|---|
| 005 | 20200707035735.0 | ||
| 008 | 200707s2018 ii e 00| f tam d | ||
| 020 |
_qpaperback _cRM 50.40 |
||
| 040 |
_aPPAK _beng _cPPAK _erda |
||
| 082 | 0 | 4 |
_223 _a894.811372 |
| 090 | 0 | 0 |
_a894.811372 _bVAT _dG |
| 100 | 0 |
_6880-01 _aVatcalā Rākavaṉ, _eauthor. |
|
| 245 | 1 | 0 |
_6880-02 _aKaṉṉattu muttamoṉṟu / _cVatcalā Rākavaṉ. |
| 264 | 1 |
_6880-03 _aCeṉṉai : _bPuvaṉēsvari Patippakam, _c2018. |
|
| 300 |
_a316 pages ; _c18 cm. |
||
| 336 |
_2rdacontent _atext |
||
| 337 |
_2rdamedia _aunmediated |
||
| 338 |
_2rdacarrier _avolume |
||
| 500 | _aNovel. | ||
| 546 | _aIn Tamil. | ||
| 650 | 1 | 0 | _aSociety in literature |
| 655 | 0 | _aTamil fiction. | |
| 880 | 0 |
_6100-01 _aவத்சலா ராகவன், _eauthor. |
|
| 880 | 1 | 0 |
_6245-02 _aகன்னத்து முத்தமொன்று / _cவத்சலா ராகவன். |
| 880 | 1 |
_6264-03 _aசென்னை _bபுவனேஸ்வரி பதிப்பகம், _c2018. |
|
| 942 |
_2ddc _cB |
||
| 999 |
_c178012 _d178012 |
||